<?xml version="1.0" encoding="UTF-8"?>
<collection xmlns="http://www.loc.gov/MARC21/slim">
    <record>
        <controlfield tag="001">62996</controlfield>
        <controlfield tag="005">20200904084021.0</controlfield>
        <datafield tag="024" ind1="7" ind2=" ">
            <subfield code="2">doi</subfield>
            <subfield code="a">10.5231/psy.writ.2015.3006</subfield>
        </datafield>
        <datafield tag="024" ind1="8" ind2=" ">
            <subfield code="2">sideral</subfield>
            <subfield code="a">101521</subfield>
        </datafield>
        <datafield tag="037" ind1=" " ind2=" ">
            <subfield code="a">ART-2015-101521</subfield>
        </datafield>
        <datafield tag="041" ind1=" " ind2=" ">
            <subfield code="a">spa</subfield>
        </datafield>
        <datafield tag="100" ind1=" " ind2=" ">
            <subfield code="a">Escolano Pérez, Elena</subfield>
        </datafield>
        <datafield tag="245" ind1=" " ind2=" ">
            <subfield code="a">Discordancia de peso al nacer: consecuencias y su perdurabilidad en el desarrollo psicológico del gemelo de menor peso intrapar.</subfield>
        </datafield>
        <datafield tag="260" ind1=" " ind2=" ">
            <subfield code="c">2015</subfield>
        </datafield>
        <datafield tag="506" ind1="0" ind2=" ">
            <subfield code="a">Access copy available to the general public</subfield>
            <subfield code="f">Unrestricted</subfield>
        </datafield>
        <datafield tag="520" ind1="3" ind2=" ">
            <subfield code="a">Cada vez nacen ma´s gemelos con discordancia de peso intrapar, factor de riesgo que puede afectar su desarrollo, espe- cialmente el del hermano de menor peso intrapar. Sin embargo, pocos estudios abordan sus posibles disfunciones ma´s alla´ de las obste´tricas; de modo que el conocimiento acerca de las consecuencias de la discordancia de peso intrapar en su desarrollo psicolo´gico es escaso. Este trabajo revisa la literatura y recapitula las consecuencias de la discordancia de peso intrapar en el desarrollo psicolo´gico de los gemelos de menor peso intrapar, comparativamente a sus hermanos de ma´s peso, asi´ como la perdurabilidad de dichas consecuencias durante su ciclo vital. La literatura revisada muestra que los gemelos de menor peso intrapar obtienen puntuaciones inferiores a sus hermanos en habilidades cognitivas, verbales y psicomotoras; y mayor probabilidad de presentar rasgos asociados al desarrollo de hiperactividad. Estas diferencias persisten desde la infancia hasta la juventud, no existiendo datos referidos a la edad adulta. En conclusio´n, las consecuencias de la discordancia de peso intrapar sobre el desarrollo psicolo´gico de los gemelos de menor peso intrapar son extensas tanto en las dimensiones afectadas como en su perdurabilidad. Es necesaria una mayor investi- gacio´n que permita disen~ar intervenciones tempranas preventivas y optimizadoras del desarrollo de estos nin~os; pues el o´ptimo desarrollo de todos los nin~os es la base de una sociedad en continuo progreso.</subfield>
        </datafield>
        <datafield tag="540" ind1=" " ind2=" ">
            <subfield code="9">info:eu-repo/semantics/openAccess</subfield>
            <subfield code="a">by-nc-nd</subfield>
            <subfield code="u">http://creativecommons.org/licenses/by-nc-nd/3.0/es/</subfield>
        </datafield>
        <datafield tag="655" ind1=" " ind2="4">
            <subfield code="a">info:eu-repo/semantics/article</subfield>
            <subfield code="v">info:eu-repo/semantics/publishedVersion</subfield>
        </datafield>
        <datafield tag="773" ind1=" " ind2=" ">
            <subfield code="g">8, 2 (2015), 24-32</subfield>
            <subfield code="p">Escr. psicol.</subfield>
            <subfield code="t">Escritos de Psicologia</subfield>
            <subfield code="x">1138-2635</subfield>
        </datafield>
        <datafield tag="856" ind1="4" ind2=" ">
            <subfield code="s">255097</subfield>
            <subfield code="u">http://zaguan.unizar.es/record/62996/files/texto_completo.pdf</subfield>
            <subfield code="y">Versión publicada</subfield>
        </datafield>
        <datafield tag="856" ind1="4" ind2=" ">
            <subfield code="s">88999</subfield>
            <subfield code="u">http://zaguan.unizar.es/record/62996/files/texto_completo.jpg?subformat=icon</subfield>
            <subfield code="x">icon</subfield>
            <subfield code="y">Versión publicada</subfield>
        </datafield>
        <datafield tag="909" ind1="C" ind2="O">
            <subfield code="o">oai:zaguan.unizar.es:62996</subfield>
            <subfield code="p">articulos</subfield>
            <subfield code="p">driver</subfield>
        </datafield>
        <datafield tag="951" ind1=" " ind2=" ">
            <subfield code="a">2020-09-04-08:36:24</subfield>
        </datafield>
        <datafield tag="980" ind1=" " ind2=" ">
            <subfield code="a">ARTICLE</subfield>
        </datafield>
    </record>

    
</collection>